| 000 | 00390nam a2200157Ia 4500 | ||
|---|---|---|---|
| 008 | 221030s9999 xx 000 0 und d | ||
| 020 | _a007 | ||
| 041 | _aEnglish | ||
| 082 |
_a105.23 _bGil |
||
| 100 | _aC. M. Gilmore | ||
| 245 | 0 |
_aMicroprocessors : Principles & Applications _cby C. M. Gilmore |
|
| 260 |
_bTMH _aNew Delhi _c2002 |
||
| 300 | _a556 | ||
| 650 | _aBE Computer | ||
| 942 | _cBK | ||
| 999 |
_c8302 _d8302 |
||